Archeologie Hostýna
| Titel: | Archeologie Hostýna / David Parma |
|---|---|
| Verfasser: | |
| Ausgabe: | 1. vyd. |
| Veröffentlicht: | Olomouc : Archeologické centrum Olomouc, 2012 |
| Umfang: | 61 S. : Ill., Kt. ; 21 cm |
| Format: | Buch |
| Sprache: | Tschechisch |
| Schriftenreihe/ mehrbändiges Werk: |
Archeologické památky střední Moravy ; 19 |
| RVK-Notation: | |
| ISBN: | 8086989216 ; 9788086989211 |
alg: 33915724 001A $00030:15-04-14 001B $01999:03-09-22 $t18:27:09.000 001C $00030:15-04-14 $t16:01:45.000 001D $00030:15-04-14 001U $0utf8 001X $00 002@ $0Aau 003@ $0339157240 003O $0837504208 $aOCoLC 004A $080-86989-21-6 004A $A978-80-86989-21-1 007A $0AC10765241 $aOBV 010@ $acze 011@ $a2012 $n2012 021A $aArcheologie Hostýna $hDavid Parma 028A $D20220215 $Ecgwrk $71126462977 $8Parma, David$Z1976- [Tp3] $9399998810 032@ $a1. vyd. 033A $pOlomouc $nArcheologické centrum Olomouc 034D $a61 S. 034I $a21 cm 034M $aIll., Kt. 036E $aArcheologické památky střední Moravy $l19 036F $x219 $8Archeologické památky střední moravy $9122699831 $l19 037A $aZsfassung in engl. Spr. 041A $#Hostein $74452774-3 $8Hostýn [Tg1] $9088857832 041A/01 $RAusgrabung $RBodendenkmal $#Bodenfund $#Bodenfunde $#Archäologische Funde $74071507-3 $8Funde [Tsz] $9085201480 045R $aVor- und Frühgeschichte 045Z $8NF 1645 [Tkv] $9410860573 046J $aErscheinungsjahr in Vorlageform:2012 lok: 33915724 3 101B $015-04-14 $t16:01:45.000 101C $015-04-14 101U $0utf8 145S/01 $a039 exp: 33915724 3 1 #EPN 201B/01 $021-10-24 $t10:01:39.000 201C/01 $015-04-14 201U/01 $0utf8 203@/01 $0730779947 208@/01 $a15-04-14 $bzCh 209A/01 $a21/NF 1645 A669 P1-19 $db $f330 $h21 NF 1645 A669 P1 / B 19 $x00 209B/01 $a4405 $x05 209C/01 $aBzG-2014/2032 209G/01 $a1004516600 $x00 247C/01 $8601330-2 <30/330>Frankfurt, Universitätsbibliothek J. C. Senckenberg, Bibliothekszentrum Geisteswissenschaften (BzG) $9102599378 lok: 33915724 24 exp: 33915724 24 1 #EPN 201B/01 $003-04-20 $t10:57:53.000 201C/01 $018-03-13 201U/01 $0utf8 203@/01 $0671845543 208@/01 $a03-04-20 $bz 209A/01 $aS 27367 $du $f050 $hS 27367 $x00 209C/01 $a13.01841 K $h13 01841 K 209G/01 $a74223214 $x00 220C/01 $akon 247C/01 $8358050-7Marburg, Bibliothek des Herder-Instituts Marburg $9102600961
| LEADER | 00000cam a2200000 c 4500 | ||
|---|---|---|---|
| 001 | 339157240 | ||
| 003 | DE-603 | ||
| 005 | 20220903182709.0 | ||
| 007 | tu | ||
| 008 | 140415s2012 xx |||| | u00||u|cze c | ||
| 020 | |a 8086989216 | ||
| 020 | |a 9788086989211 | ||
| 035 | |a (DE-599)OBVAC10765241 | ||
| 035 | |a (OCoLC)837504208 | ||
| 040 | |a DE-603 |b ger |c DE-603 |d DE-603 | ||
| 041 | |a cze | ||
| 084 | |a NF 1645 |0 (DE-625)125211:1307 |0 (DE-603)410860573 |2 rvk | ||
| 100 | 1 | |a Parma, David |d 1976- |0 (DE-603)399998810 |0 (DE-588)1126462977 |2 gnd | |
| 245 | 0 | 0 | |a Archeologie Hostýna |c David Parma |
| 250 | |a 1. vyd. | ||
| 264 | 1 | |a Olomouc |b Archeologické centrum Olomouc |c 2012 | |
| 300 | |a 61 S. |b Ill., Kt. |c 21 cm | ||
| 490 | 1 | |a Archeologické památky střední Moravy |v 19 | |
| 500 | |a Zsfassung in engl. Spr. | ||
| 500 | |a Erscheinungsjahr in Vorlageform:2012 | ||
| 648 | 7 | |a Vor- und Frühgeschichte |2 gnd | |
| 650 | 7 | |a Funde |0 (DE-588)4071507-3 |0 (DE-603)085201480 |2 gnd | |
| 651 | 7 | |a Hostýn |0 (DE-588)4452774-3 |0 (DE-603)088857832 |2 gnd | |
| 830 | 0 | |t Archeologické památky střední moravy |v 19 |w (DE-603)122699831 |w (DE-600)2169165-4 |9 219 |7 as | |
| 924 | 0 | |9 30/330 |a (DE-603)730779947 |b DE-30-330 |c HES |d d |g 21/NF 1645 A669 P1-19 | |
| 924 | 0 | |9 Mb 50 |a (DE-603)671845543 |b DE-Mb50 |c HES |d c |g S 27367 | |


